000 00447cam a2200181ua 4500
020 _cRs 1.00
041 _ahin
_h
082 _a891.54
_bGAN/AH
100 _aGandhi, M K .
245 _aAhimsak samajvad ki aur /
_cM K Gandhi.
_hTextual Documents
250 _a1 /
_b.
260 _aAhmadabad :
_bNavajivan publishing house ,
_c1955.
300 _a203 ; .
365 _aRs 1.00
504 _a
942 _cBK
999 _c3448
_d3448